| 000 | 00409 a2200109 4500 | ||
|---|---|---|---|
| 001 | ART_41773 | ||
| 005 | 20260410161814.0 | ||
| 008 | 260409a | ||
| 245 | 1 | 0 | _aAcademia jurídica en acción. El poder, las posibilidades y las dificultades de los profesores que administran blogs de derecho |
| 100 | 1 | _aBerman, Douglas A. | |
| 773 | 0 |
_tAcademia _g- Año 14, Nº 27 (ene./jun. 2016) _wREV4314 |
|
| 999 |
_c21692 _d21692 |
||